000 00593nam a22002057a 4500
999 _c21366
_d21366
003 AR-CdUCM
008 190329b ||||| |||| 00| 0 spa d
020 _a9788417784584
040 _aMUNICIPALIDAD PROVINCIAL DEL CUSCO
_cBIBLIOTECA MUNICIPAL DEL CUSCO
082 _a869.8/D21
_bD21
100 _aDe la Mora García, Iván
_944570
245 _aDelirios de Robin Hood /
260 _aMadrid ;
_bAdarve,
_c2019.
300 _a246 Páginas ;
_c23 cm.
650 _aLiteratura juvenil
_91580
650 _aFiccion
_9184
650 _aAventura
_91719
942 _2ddc
_cLIBROS
945 _aRoel